000 00650nam a2200193 a 4500
008 120416s1993 ||||||||||||||||| || u
020 _a0821326465
050 _aIBRD(06)CS/1993/22
110 _aWorld Bank
245 1 0 _aGuyana: private sector development
260 _aWashington, D. C.
_bWorld Bank
_c1993
300 _ax, 87p. : ill.
350 _a0.00
490 _aWorld Bank Country Study
650 _aPRIVATIZATION--GUYANA
650 _aREGULATION--GUYANA
650 _aFINANCE--GUYANA
995 _D0.00
_FCBU-MAIN LIBRARY (Kitwe)
_H1
_I0.00
_UAVAILABLE
_ZInternational Publications
999 _c45200
_d45200